000 00965cam a2200265 04500
001 5922
010 _a9722108069
021 _b60083/93
090 _a5922
100 _a20211231d1993 cd|y0pory5003 ba
200 1 _aA História do Pequeno Ganso que era Vagaroso
_fHanna Johansen
_gil. Käthi Bhend, trad. Isabel Almeida e Sousa
210 9 _aLisboa
_cCaminho
_d1993
215 _a107. [8] p.
_cil.
304 _aTít. orig.: Die Geschichte von der kleinen Gans, die nicht schnell genug war
330 _aUma história para os mais pequenos da família, que se deixam sempre ficar para trás.
606 _914
_aLiteratura infantil
606 _913
_aLiteratura Estrangeira
675 _a821.112.2-34"19"
_vBN
_zpor
675 _a821.112.2-93"19"
_vBN
_zpor
700 _aJohansen
_bHanna
_f1939-2023
_95610
702 _aBhend
_bKäthi
_f1942-
_95611
702 _aSousa
_bIsabel de Almeida e
_94488
801 0 _aPT
_bBMVN
_gRPC
830 _cInês Silva
_d31/12/2021
990 _cLIVROS